Memoria en que se trata de algunos puntos, relativos al sistema del mundo y formación del globo terrestre que habitamos : (Record no. 166943)
[ view plain ]
| 000 -LEADER | |
|---|---|
| campo de control de longitud fija | 01466nam a2200277 i 4500 |
| 001 - NÚMERO DE CONTROL | |
| campo de control | 166943 |
| 003 - IDENTIFICADOR DE NÚMERO DE CONTROL | |
| campo de control | ES-MaACL |
| 005 - FECHA Y HORA DE LA ÚLTIMA TRANSACCIÓN | |
| campo de control | 20240421063028.0 |
| 008 - DATOS DE LONGITUD FIJA--INFORMACIÓN GENERAL | |
| campo de control de longitud fija | 000215s1839 sp f |||| | spa d |
| 040 ## - FUENTE DE CATALOGACIÓN | |
| Centro/agencia transcriptor | ES-MaACL |
| 080 ## - NÚMERO DE LA CLASIFICACIÓN DECIMAL UNIVERSAL | |
| Número de la Clasificación Decimal Universal | 55 |
| 100 1# - ENTRADA PRINCIPAL--NOMBRE DE PERSONA | |
| Nombre de persona | Vallejo, José Mariano, |
| Fechas asociadas al nombre | 1779-1846 |
| 9 (RLIN) | 139765 |
| Término indicativo de función/relación | Autor |
| 245 10 - MENCIÓN DEL TÍTULO | |
| Título | Memoria en que se trata de algunos puntos, relativos al sistema del mundo y formación del globo terrestre que habitamos : |
| Resto del título | con aplicación a investigar nuevos procedimientos para la separación y aprovechamiento de la plata que contiene el plomo... / |
| Mención de responsabilidad, etc. | leída en la Sección de Ciencias Matemáticas y Físicas del Ateneo de Madrid, en los días 20 de junio y 4 y 18 de julio de 1839 por José Mariano Vallejo. |
| 260 ## - PUBLICACIÓN, DISTRIBUCIÓN, ETC. | |
| Lugar de publicación, distribución, etc. | Madrid : |
| Nombre del editor, distribuidor, etc. | [s.n.], |
| Fecha de publicación, distribución, etc. | 1839 |
| Fabricante | (Imp. Garrasayaza) |
| 300 ## - DESCRIPCIÓN FÍSICA | |
| Extensión | VIII, 292 páginas., [1] hoja plegada de lámina ; |
| Dimensiones | 23 cm. |
| 530 ## - NOTA DISPONIBLE DE FORMULARIO FÍSICO ADICIONAL | |
| Nota de formato físico adicional disponible | Disponible en formato digital |
| 599 ## - NOTA A LAS ILUSTRACIONES | |
| Nota | Ilustración a toda plana en p. 176. |
| 610 24 - PUNTO DE ACCESO ADICIONAL DE MATERIA--NOMBRE DE ENTIDAD CORPORATIVA | |
| Nombre de entidad corporativa o nombre de jurisdicción como elemento de entrada | Ateneo de Madrid- |
| Subdivisión de forma | Conferencias- |
| Subdivisión cronológica | S.XIX. |
| 9 (RLIN) | 1910 |
| 650 #7 - PUNTO DE ACCESO ADICIONAL DE MATERIA--TÉRMINO DE MATERIA | |
| Término de materia o nombre geográfico como elemento de entrada | Ciencias de la tierra |
| 9 (RLIN) | 235915 |
| 710 2# - ENTRADA AGREGADA--NOMBRE DE ENTIDAD CORPORATIVA | |
| Nombre de entidad corporativa o nombre de jurisdicción como elemento de entrada | Ateneo de Madrid. |
| Unidad subordinada | Sección de Ciencias Matemáticas y Físicas. |
| 9 (RLIN) | 145748 |
| 852 ## - LOCALIZACIÓN | |
| Ubicación | ES-MaACL |
| Ubicación en estantería | Depósito 2 |
| Número de control de estantería | F-5030 |
| condición física | Falto de [1] h. pleg. de lám. |
| Encuadernación | Holandesa |
| 856 ## - LOCALIZACIÓN Y ACCESO ELECTRÓNICOS | |
| Identificador Uniforme de Recursos | <a href="http://bdh-rd.bne.es/viewer.vm?id=0000038771&page=1">http://bdh-rd.bne.es/viewer.vm?id=0000038771&page=1</a> |
| Texto de enlace | Versión en línea |
| Nota pública | (Biblioteca Digital Hispánica) |
| 942 ## - ELEMENTOS DE ENTRADA SECUNDARIOS (KOHA) | |
| Tipo de ítem Koha | Libro impreso antiguo |
| Suprimir en OPAC | No |
| Estatus retirado | Estado de pérdida | Fuente del sistema de clasificación o colocación | Estado de daño | No para préstamo | Colección | Biblioteca de origen | Biblioteca actual | Ubicación en estantería | Fecha de adquisición | Número de control de estantería | Total de préstamos | Signatura topográfica completa | Código de barras | Visto por última vez | Tipo de ítem Koha |
|---|---|---|---|---|---|---|---|---|---|---|---|---|---|---|---|
| Clasificación decimal universal | Colección digital | Biblioteca del Ateneo de Madrid | Biblioteca del Ateneo de Madrid | Depósito 2 | 17/01/2008 | Ateneísta | F-5030 | 1175119 | 23/02/2023 | Libro impreso antiguo |
